Urban agriculture in Zambia : a case study of Kitwe . Research report No.1 (Record no. 78534)

MARC details
000 -LEADER
fixed length control field 00763nam a2200157 a 4500
008 - FIXED-LENGTH DATA ELEMENTS--GENERAL INFORMATION
fixed length control field 220511s1997 ||||||||||||||||| || u
050 ## - LIBRARY OF CONGRESS CALL NUMBER
Classification number CBU(02)1997/1
100 ## - MAIN ENTRY--PERSONAL NAME
Personal name Shah, Nitin
245 10 - TITLE STATEMENT
Title Urban agriculture in Zambia : a case study of Kitwe . Research report No.1
Statement of responsibility, etc. By The Copperbelt University (CBU)
260 ## - PUBLICATION, DISTRIBUTION, ETC.
Place of publication, distribution, etc. Kitwe
Name of publisher, distributor, etc. Copperbelt University
Date of publication, distribution, etc. 1997
300 ## - PHYSICAL DESCRIPTION
Extent 46 pages : illustrations
650 ## - SUBJECT ADDED ENTRY--TOPICAL TERM
Topical term or geographic name entry element URBAN AGRICULTURE--ZAMBIA--KITWE
710 ## - ADDED ENTRY--CORPORATE NAME
Corporate name or jurisdiction name as entry element Copperbelt University
995 ## -
-- SPECIAL COLLECTIONS
-- 020832
-- CBU-MAIN LIBRARY (Kitwe)
-- CBU(02)1997/1A
-- 1
-- AVAILABLE
-- May 11, 2022
-- 020832
-- University Collection
995 ## -
-- SPECIAL COLLECTIONS
-- 020833
-- CBU-MAIN LIBRARY (Kitwe)
-- CBU(02)1997/1B
-- 2
-- AVAILABLE
-- May 11, 2022
-- 020833
-- University Collection
999 ## -
-- 78534
-- 78534
Holdings
Withdrawn status Lost status Source of classification or shelving scheme Damaged status Not for loan Permanent Location Current Location Shelving location Date acquired Total Checkouts Full call number Barcode Date last seen Copy number Price effective from Koha item type
          CBU-MAIN LIBRARY, KITWE. CBU-MAIN LIBRARY, KITWE.   05/17/2023   CBU(02)1997/1A 020832 05/22/2025 1 05/17/2023 SPECIAL COLLECTION
          CBU-MAIN LIBRARY, KITWE. CBU-MAIN LIBRARY, KITWE.   05/17/2023   CBU(02)1997/1B 020833 05/17/2023 2 05/17/2023 SPECIAL COLLECTION